[Event "Pula op"]
[Site "Pula"]
[Date "2007.06.29"]
[Round "8"]
[White "Dimitrov, Radoslav"]
[Black "Nemet, Ivan"]
[Result "1-0"]
[WhiteElo "2254"]
[BlackElo "2381"]
[PlyCount "79"]
[EventDate "2007.06.23"]
[EventType "swiss"]
[EventRounds "9"]
[EventCountry "CRO"]
[SourceTitle "CBM 119 Extra"]
[Source "ChessBase"]
[SourceDate "2007.09.04"]
[SourceVersion "1"]
[SourceVersionDate "2007.09.04"]
[SourceQuality "1"]

1. c4 Nf6 2. Nc3 g6 3. g3 Bg7 4. Bg2 0-0 5. e4 c6 6. Nge2 e5 7. 0-0 d6 8. d3 a6 9. a4 a5 10. h3 Na6 11. Be3 Be6 12. f4 exf4 13. Nxf4 Bd7 14. d4 Re8 15. d5 cxd5 16. Nfxd5 Nxd5 17. Nxd5 Nc5 18. Bd4 Bc6 19. Bf6 Qb8 20. Bxg7 Kxg7 21. Nf6 Re5 22. Ng4 Nxe4 23. Nxe5 dxe5 24. Bxe4 Bxe4 25. Qe2 f5 26. Qe3 Qe8 27. Qc3 Qe7 28. Rad1 Qc5+ 29. Kh2 Bc6 30. Rde1 Re8 31. g4 fxg4 32. hxg4 Kg8 33. b3 Qe7 34. Qg3 Qg5 35. Re3 Rd8 36. Qf2 Qe7 37. Qf6 Qd7 38. Rxe5 Qd2+ 39. Rf2 Qh6+ 40. Rh5 1-0

[Event "Basel Hilton op 09th"]
[Site "Basel"]
[Date "2007.01.07"]
[Round "7"]
[White "Nemet, Ivan"]
[Black "Drabke, Lorenz Maximilian"]
[Result "1/2-1/2"]
[WhiteElo "2367"]
[BlackElo "2408"]
[PlyCount "84"]
[EventDate "2007.01.01"]
[EventType "swiss"]
[EventRounds "7"]
[EventCountry "SUI"]
[SourceTitle "CBM 116 Extra"]
[Source "ChessBase"]
[SourceDate "2007.03.07"]
[SourceVersion "1"]
[SourceVersionDate "2007.03.07"]
[SourceQuality "1"]

1. d4 d5 2. Nf3 Nf6 3. c4 c6 4. e3 Bf5 5. cxd5 cxd5 6. Qb3 Qc7 7. Bd2 e6 8. Bb5+ Nc6 9. 0-0 Bd6 10. Rc1 0-0 11. Qa4 Rfc8 12. Bxc6 bxc6 13. Bb4 Bxb4 14. Qxb4 Nd7 15. Qa3 Bxb1 16. Raxb1 a5 17. Rc3 Rab8 18. b3 Rb4 19. Rbc1 Qb7 20. h3 h6 21. R1c2 g6 22. g3 Kg7 23. Kg2 Rb6 24. Qc1 Qa6 25. g4 Kh7 26. Qf1 Kg7 27. Qxa6 Rxa6 28. Ne1 Kf6 29. Nd3 Ke7 30. f3 Kd6 31. e4 f6 32. exd5 exd5 33. Re2 g5 34. f4 Raa8 35. Rec2 Rab8 36. f5 a4 37. bxa4 Nb6 38. Nb2 Ra8 39. Re2 Re8 40. Rec2 Rec8 41. Re3 Re8 42. Rec3 Rec8 1/2-1/2

[Event "Basel Hilton op 09th"]
[Site "Basel"]
[Date "2007.01.06"]
[Round "6"]
[White "Sokolov, Andrei"]
[Black "Nemet, Ivan"]
[Result "1-0"]
[WhiteElo "2585"]
[BlackElo "2367"]
[PlyCount "67"]
[EventDate "2007.01.01"]
[EventType "swiss"]
[EventRounds "7"]
[EventCountry "SUI"]
[SourceTitle "CBM 116 Extra"]
[Source "ChessBase"]
[SourceDate "2007.03.07"]
[SourceVersion "1"]
[SourceVersionDate "2007.03.07"]
[SourceQuality "1"]

1. e4 e5 2. Nf3 Nf6 3. Nxe5 d6 4. Nf3 Nxe4 5. d4 d5 6. Bd3 Nc6 7. 0-0 Be7 8. Nc3 f5 9. Ne2 0-0 10. c4 Nb4 11. Nf4 Nxd3 12. Qxd3 dxc4 13. Qxc4+ Kh8 14. Ne5 Nd6 15. Qb3 g5 16. Ne6 Bxe6 17. Qxe6 Rf6 18. Qb3 f4 19. Re1 Qg8 20. d5 Bf8 21. Bd2 Bg7 22. Rac1 Rf5 23. Bc3 Re8 24. Nc4 Rf7 25. Nxd6 cxd6 26. Re6 Qf8 27. Rce1 Rfe7 28. h3 Kg8 29. Bb4 Rxe6 30. dxe6 Qe7 31. Qd5 Rd8 32. Bxd6 Bf8 33. Bxe7 Rxd5 34. Bf6 1-0

[Event "Basel Hilton op 09th"]
[Site "Basel"]
[Date "2007.01.05"]
[Round "5"]
[White "Nemet, Ivan"]
[Black "Varga, Zoltan"]
[Result "1-0"]
[WhiteElo "2367"]
[BlackElo "2497"]
[PlyCount "79"]
[EventDate "2007.01.01"]
[EventType "swiss"]
[EventRounds "7"]
[EventCountry "SUI"]
[SourceTitle "CBM 116 Extra"]
[Source "ChessBase"]
[SourceDate "2007.03.07"]
[SourceVersion "1"]
[SourceVersionDate "2007.03.07"]
[SourceQuality "1"]

1. d4 d5 2. Nf3 c6 3. c4 dxc4 4. e3 Be6 5. a4 Nf6 6. Na3 c5 7. Bxc4 Bxc4 8. Nxc4 cxd4 9. exd4 e6 10. 0-0 Be7 11. Qb3 Qd5 12. Bf4 Nbd7 13. Be5 0-0 14. Nfd2 Rfc8 15. Rac1 Ne8 16. Qe3 Bb4 17. b3 a6 18. Qe2 b5 19. Ne3 Qb7 20. Nf3 bxa4 21. bxa4 Nb6 22. Qa2 a5 23. Rcd1 Rd8 24. h4 Qc6 25. Ra1 Rac8 26. Rfd1 f6 27. Bg3 Qd7 28. h5 h6 29. Nh4 Rc3 30. Qe2 Nd5 31. Nxd5 Qxd5 32. Ng6 Kf7 33. Nh8+ Kg8 34. Ng6 Qf5 35. Rac1 Rdc8 36. Rxc3 Rxc3 37. d5 Kh7 38. d6 Rc2 39. d7 Rxe2 40. dxe8Q 1-0

[Event "Basel Hilton op 09th"]
[Site "Basel"]
[Date "2007.01.04"]
[Round "4"]
[White "Berberich, Christoph"]
[Black "Nemet, Ivan"]
[Result "0-1"]
[WhiteElo "2091"]
[BlackElo "2367"]
[PlyCount "114"]
[EventDate "2007.01.01"]
[EventType "swiss"]
[EventRounds "7"]
[EventCountry "SUI"]
[SourceTitle "CBM 116 Extra"]
[Source "ChessBase"]
[SourceDate "2007.03.07"]
[SourceVersion "1"]
[SourceVersionDate "2007.03.07"]
[SourceQuality "1"]

1. d4 Nf6 2. Nf3 g6 3. c4 d6 4. Nc3 Bf5 5. Nh4 Bd7 6. e4 e5 7. Nf3 exd4 8. Nxd4 Bg7 9. Be2 0-0 10. 0-0 Re8 11. f3 c6 12. Kh1 Na6 13. Nc2 Nh5 14. g4 Nf6 15. Qxd6 h5 16. g5 Nh7 17. Rd1 Nf8 18. Be3 Be5 19. Qd2 Qc7 20. f4 Bxc3 21. Qxc3 c5 22. e5 Bc6+ 23. Kg1 Qc8 24. Bc1 Qf5 25. Ne1 Ne6 26. Qg3 Nd4 27. Bd3 Qe6 28. Be3 Rad8 29. Bxd4 Rxd4 30. Nf3 Bxf3 31. Qxf3 Qg4+ 32. Qxg4 hxg4 33. Kg2 Rxf4 34. Re1 Nb4 35. Be4 Rxe5 36. Bxb7 Rxg5 37. b3 g3 38. hxg3 Rfg4 39. Re8+ Kg7 40. Ra8 Rxg3+ 41. Kf2 Nd3+ 42. Ke2 Re5+ 43. Kd2 Nf4 44. Rf1 Rd3+ 45. Kc1 g5 46. Bf3 Rd7 47. Rh1 Nd3+ 48. Kb1 Re1+ 49. Rxe1 Nxe1 50. Be4 Re7 51. Bd5 g4 52. Rc8 g3 53. Rxc5 Re5 54. Rc7 Rxd5 55. cxd5 g2 56. d6 g1Q 57. d7 Nd3+ 0-1

[Event "Zuerich op-A 30th"]
[Site "Zuerich"]
[Date "2006.12.29"]
[Round "5"]
[White "Nemet, Ivan"]
[Black "Warakomski, Tomasz"]
[Result "0-1"]
[WhiteElo "2367"]
[BlackElo "2446"]
[PlyCount "126"]
[EventDate "2006.12.26"]
[EventType "swiss"]
[EventRounds "7"]
[EventCountry "SUI"]
[SourceTitle "CBM 116 Extra"]
[Source "ChessBase"]
[SourceDate "2007.03.07"]
[SourceVersion "1"]
[SourceVersionDate "2007.03.07"]
[SourceQuality "1"]

1. d4 d5 2. Nf3 Nf6 3. c4 e6 4. Nc3 Be7 5. Bg5 0-0 6. e3 c6 7. Qc2 Nbd7 8. cxd5 exd5 9. Bd3 Re8 10. 0-0 Nf8 11. h3 g6 12. Rab1 Ne6 13. Bxf6 Bxf6 14. b4 a6 15. a4 a5 16. bxa5 Rxa5 17. Rfd1 Qd6 18. Qd2 Ra8 19. Bc2 Ng5 20. Nxg5 Bxg5 21. Qe2 Bd8 22. Qf3 Bc7 23. Kf1 Qh2 24. Ne2 Qh1+ 25. Ng1 Kg7 26. Ke2 Re6 27. g4 Qh2 28. Kf1 b6 29. Ra1 Rf6 30. Qg2 Ba6+ 31. Bd3 Bxd3+ 32. Rxd3 Qd6 33. f4 b5 34. Qc2 g5 35. Ne2 gxf4 36. exf4 bxa4 37. Rf3 Re6 38. Ng3 Qb4 39. f5 Ree8 40. Nh5+ Kh8 41. Rd3 Qe7 42. Rf3 Bb6 43. Qd3 Qe4 44. Rd1 a3 45. Nf6 Qxd4 46. Qxd4 Bxd4 47. Nxe8 a2 48. Nd6 a1Q 49. Rxa1 Rxa1+ 50. Ke2 Ra2+ 51. Kf1 Ra7 52. Rb3 Kg7 53. g5 Be5 54. Nb7 Bf4 55. h4 h6 56. g6 fxg6 57. Nd8 g5 58. hxg5 hxg5 59. Nxc6 Rd7 60. Rb6 Kf6 61. Nd4+ Ke5 62. Rb4 Rc7 63. Nf3+ Kxf5 0-1

[Event "Zuerich op-A 30th"]
[Site "Zuerich"]
[Date "2006.12.26"]
[Round "1"]
[White "Freuler, Roman"]
[Black "Nemet, Ivan"]
[Result "0-1"]
[WhiteElo "2084"]
[BlackElo "2367"]
[PlyCount "54"]
[EventDate "2006.12.26"]
[EventType "swiss"]
[EventRounds "7"]
[EventCountry "SUI"]
[SourceTitle "CBM 116 Extra"]
[Source "ChessBase"]
[SourceDate "2007.03.07"]
[SourceVersion "1"]
[SourceVersionDate "2007.03.07"]
[SourceQuality "1"]

1. e4 c5 2. Nf3 d6 3. d4 cxd4 4. Nxd4 Nf6 5. Nc3 a6 6. Be3 e5 7. Nb3 Be7 8. f3 Be6 9. g4 d5 10. g5 d4 11. gxf6 Bxf6 12. Nd5 dxe3 13. Nxf6+ Qxf6 14. Qe2 Qh4+ 15. Kd1 Qh6 16. c3 Nc6 17. Kc2 0-0-0 18. Rd1 Rxd1 19. Qxd1 Rd8 20. Qe1 f5 21. Kb1 Bxb3 22. axb3 Na5 23. b4 Nb3 24. exf5 Nd2+ 25. Kc2 Qc6 26. Bg2 Qa4+ 27. Kc1 Nc4 0-1

[Event "Biel MTO op"]
[Site "Biel"]
[Date "2006.07.31"]
[Round "7"]
[White "Kobalia, Mihail"]
[Black "Nemet, Ivan"]
[Result "1-0"]
[WhiteElo "2647"]
[BlackElo "2353"]
[PlyCount "93"]
[EventDate "2006.07.24"]
[EventType "swiss"]
[EventRounds "11"]
[EventCountry "SUI"]
[SourceTitle "CBM 113 Extra"]
[Source "ChessBase"]
[SourceDate "2006.09.14"]
[SourceVersion "1"]
[SourceVersionDate "2006.09.14"]
[SourceQuality "1"]

1. Nf3 Nf6 2. c4 Nc6 3. d4 e6 4. a3 d5 5. Nc3 h6 6. Bf4 Bd6 7. Bg3 Bxg3 8. hxg3 a6 9. e3 Ng4 10. Qc2 Ne7 11. Bd3 c6 12. e4 dxe4 13. Nxe4 f5 14. Nc3 0-0 15. Rd1 b5 16. 0-0 Qe8 17. Nh2 Nxh2 18. Kxh2 Ra7 19. Qe2 Kh8 20. Rfe1 Ng8 21. Qe3 Re7 22. f3 Bd7 23. Qe5 Qc8 24. Rd2 Be8 25. Qc5 Qd8 26. cxb5 axb5 27. Rxe6 Rxe6 28. Qxf8 Rf6 29. Qc5 f4 30. gxf4 Rxf4 31. Bf1 Rh4+ 32. Kg1 Rh5 33. Qf8 Qb8 34. g4 Rh4 35. Ne4 h5 36. Nd6 hxg4 37. Nf7+ Kh7 38. Bd3+ g6 39. Bxg6+ Kxg6 40. Qxg8+ Kf6 41. Qg5+ Kxf7 42. Qxh4 Qf4 43. Rf2 Qc1+ 44. Rf1 Qe3+ 45. Qf2 Qe7 46. fxg4+ Kg7 47. Qf4 1-0

[Event "Biel MTO op"]
[Site "Biel"]
[Date "2006.07.25"]
[Round "2"]
[White "Nemet, Ivan"]
[Black "Pikula, Dejan"]
[Result "1/2-1/2"]
[WhiteElo "2353"]
[BlackElo "2545"]
[PlyCount "33"]
[EventDate "2006.07.24"]
[EventType "swiss"]
[EventRounds "11"]
[EventCountry "SUI"]
[SourceTitle "CBM 113 Extra"]
[Source "ChessBase"]
[SourceDate "2006.09.14"]
[SourceVersion "1"]
[SourceVersionDate "2006.09.14"]
[SourceQuality "1"]

1. d4 Nf6 2. Nf3 e6 3. Bg5 h6 4. Bxf6 Qxf6 5. Nbd2 d6 6. e4 Nd7 7. c3 e5 8. Bc4 Be7 9. Qe2 Nf8 10. h3 g5 11. dxe5 dxe5 12. Nf1 Ng6 13. g3 g4 14. hxg4 Bxg4 15. N1h2 Bd7 16. Nf1 Bg4 17. N1h2 1/2-1/2

[Event "Pula op 20th"]
[Site "Pula"]
[Date "2006.06.24"]
[Round "8"]
[White "Nemet, Ivan"]
[Black "Popovic, Dusan"]
[Result "0-1"]
[WhiteElo "2346"]
[BlackElo "2496"]
[PlyCount "124"]
[EventDate "2006.06.18"]
[EventType "swiss"]
[EventRounds "9"]
[EventCountry "CRO"]
[SourceTitle "CBM 112 Extra"]
[Source "ChessBase"]
[SourceDate "2006.07.14"]
[SourceVersion "1"]
[SourceVersionDate "2006.07.14"]
[SourceQuality "1"]

1. d4 Nf6 2. Nf3 g6 3. g3 Bg7 4. Bg2 0-0 5. 0-0 d6 6. a4 Na6 7. Nc3 c5 8. h3 Nd7 9. e4 cxd4 10. Nxd4 Ne5 11. Nd5 Bd7 12. b3 e6 13. Ne3 Qb6 14. Bb2 Nb4 15. Ne2 Rfc8 16. Bd4 Qa6 17. f4 Nec6 18. Bxg7 Kxg7 19. Kh2 Rd8 20. Qd2 Qb6 21. c3 Na6 22. b4 Ne7 23. a5 Qc7 24. f5 Ng8 25. c4 Be8 26. fxe6 fxe6 27. Nf4 Qe7 28. Qb2+ e5 29. Nfd5 Qe6 30. h4 Bf7 31. Bh3 Qe8 32. b5 Nc5 33. Rxf7+ Qxf7 34. Rf1 Qxf1 35. Bxf1 Rf8 36. Bg2 Rf7 37. Qd2 Nb3 38. Qd1 Nd4 39. Nc2 Ne6 40. b6 axb6 41. Nxb6 Rd8 42. Ne3 Nd4 43. Nbd5 Ra8 44. Nc2 Ne6 45. Nb6 Rd8 46. Nd5 Ra8 47. Qd2 Nh6 48. Bh3 Nc5 49. Nb6 Rd8 50. Qe2 Rdf8 51. Kg1 Rf3 52. Kg2 Rc3 53. Ne1 Ng8 54. Qd2 Nxe4 55. Qd5 Rf2+ 56. Kg1 Re2 57. Qxb7+ Kh8 58. Ng2 Rc1+ 59. Kh2 Nf2 60. Ne1 Ng4+ 61. Kg1 Rcxe1+ 62. Bf1 Ne3 0-1

[Event "Basel Hilton op 08th"]
[Site "Basel"]
[Date "2006.01.05"]
[Round "5"]
[White "Nemet, Ivan"]
[Black "Trang, Jean Pierre"]
[Result "0-1"]
[WhiteElo "2373"]
[BlackElo "2085"]
[PlyCount "136"]
[EventDate "2006.01.01"]
[EventType "swiss"]
[EventRounds "7"]
[EventCountry "SUI"]
[SourceTitle "CBM 110 Extra"]
[Source "ChessBase"]
[SourceDate "2006.03.10"]
[SourceVersion "2"]
[SourceVersionDate "2006.03.10"]
[SourceQuality "1"]

1. d4 Nf6 2. Nf3 g6 3. c4 Bg7 4. Nc3 d5 5. e3 0-0 6. b4 c6 7. Be2 Nbd7 8. 0-0 Qc7 9. cxd5 Nxd5 10. Nxd5 cxd5 11. Bb2 Nb6 12. Ne5 Nc4 13. Nxc4 dxc4 14. a4 Bd7 15. Rc1 b5 16. axb5 Bxb5 17. Qc2 Rfc8 18. f4 a5 19. bxa5 Rxa5 20. Bc3 Ra3 21. Qd2 e6 22. Rb1 Qd7 23. Bd1 Rca8 24. Rf2 Bc6 25. h3 f5 26. Qe1 Bf6 27. Rfb2 Be4 28. Rc1 Kf7 29. Be2 Qc6 30. Bf1 Ra2 31. Qd2 Ra1 32. Rxa1 Rxa1 33. Rb4 Ra4 34. Rb8 Bd5 35. Qb2 Ra8 36. Kf2 Be7 37. Rb6 Qc7 38. g3 Bd6 39. Be2 Ke7 40. Ke1 Ra1+ 41. Qxa1 Qxb6 42. Kd2 Kd7 43. Qa2 Qc6 44. Bd1 Qb6 45. Bc2 Kc7 46. Qa4 Qc6 47. Qa7+ Qb7 48. Qa4 Qc6 49. Qa1 Kb7 50. Ba5 Qb5 51. Kc3 Bc6 52. Bd1 Be7 53. Qa2 Bd6 54. g4 Be7 55. g5 Bd6 56. h4 Be7 57. h5 Bd6 58. h6 Be7 59. Be2 Bd5 60. Qb2 Qxb2+ 61. Kxb2 Ka6 62. Bc7 Kb5 63. Bb8 Kb4 64. Ba7 Bd6 65. Bh5 c3+ 66. Kc1 gxh5 67. g6 Kb3 68. Bc5 h4 0-1

[Event "Zuerich op-A 29th"]
[Site "Zuerich"]
[Date "2005.12.27"]
[Round "2"]
[White "Nemet, Ivan"]
[Black "Kreienbuehl, Andreas"]
[Result "1/2-1/2"]
[WhiteElo "2381"]
[BlackElo "2190"]
[PlyCount "59"]
[EventDate "2005.12.26"]
[EventType "swiss"]
[EventRounds "7"]
[EventCountry "SUI"]
[SourceTitle "CBM 110 Extra"]
[Source "ChessBase"]
[SourceDate "2006.03.10"]
[SourceVersion "2"]
[SourceVersionDate "2006.03.10"]
[SourceQuality "1"]

1. d4 d5 2. Nf3 c6 3. c4 Nf6 4. e3 Bf5 5. cxd5 cxd5 6. Qb3 Qc7 7. Bd2 e6 8. Bb5+ Nc6 9. 0-0 Bd6 10. Rc1 0-0 11. Qa4 Rfc8 12. Bxc6 bxc6 13. Bb4 Bxb4 14. Qxb4 Nd7 15. Nbd2 c5 16. dxc5 Nxc5 17. Rc3 Qb6 18. Qa3 Rc7 19. Rac1 Rac8 20. Nd4 Bg6 21. f4 Nd3 22. Rxc7 Rxc7 23. Rxc7 Qxc7 24. Qc3 Qxc3 25. bxc3 Nc5 26. Nc6 a6 27. Ne7+ Kf8 28. Nxg6+ hxg6 29. c4 Ke7 30. cxd5 1/2-1/2

[Event "Biel MTO op"]
[Site "Biel"]
[Date "2005.07.24"]
[Round "6"]
[White "Nemet, Ivan"]
[Black "Bocharov, Dmitry"]
[Result "0-1"]
[WhiteElo "2353"]
[BlackElo "2574"]
[PlyCount "53"]
[EventDate "2005.07.18"]
[EventType "swiss"]
[EventRounds "11"]
[EventCountry "SUI"]
[SourceTitle "CBM 107 Extra"]
[Source "ChessBase"]
[SourceDate "2005.09.01"]
[SourceVersion "1"]
[SourceVersionDate "2005.09.01"]
[SourceQuality "1"]

1. d4 Nf6 2. Nf3 e6 3. Bg5 h6 4. Bxf6 Qxf6 5. Nbd2 d6 6. e4 g5 7. e5 Qe7 8. Ne4 Bg7 9. c3 Nc6 10. Bb5 Bd7 11. Qe2 g4 12. Nfd2 dxe5 13. Qxg4 0-0 14. dxe5 Nxe5 15. Qe2 Bxb5 16. Qxb5 Rad8 17. Nf3 Nd3+ 18. Kf1 f5 19. Ng3 Rd5 20. Qb3 Qc5 21. Qc2 Rfd8 22. Kg1 Nxb2 23. h3 Nd3 24. Rb1 b5 25. Nh5 Nxf2 26. Qe2 Ne4+ 27. Kh2 0-1

[Event "Biel MTO op"]
[Site "Biel"]
[Date "2005.07.22"]
[Round "5"]
[White "Klovans, Janis"]
[Black "Nemet, Ivan"]
[Result "0-1"]
[WhiteElo "2463"]
[BlackElo "2353"]
[PlyCount "56"]
[EventDate "2005.07.18"]
[EventType "swiss"]
[EventRounds "11"]
[EventCountry "SUI"]
[SourceTitle "CBM 107 Extra"]
[Source "ChessBase"]
[SourceDate "2005.09.01"]
[SourceVersion "1"]
[SourceVersionDate "2005.09.01"]
[SourceQuality "1"]

1. e4 e5 2. Nf3 Nf6 3. d4 Nxe4 4. Bd3 d5 5. Nxe5 Nc6 6. Nxc6 bxc6 7. 0-0 Be7 8. Re1 f5 9. f3 Nf6 10. c4 0-0 11. Nc3 Kh8 12. Bf4 Rb8 13. b3 Bb4 14. Rc1 c5 15. dxc5 Nh5 16. Be5 Bxc5+ 17. Kh1 f4 18. Bb1 Ng3+ 19. hxg3 fxg3 20. Bxg3 Rb6 21. Bh2 Qh4 22. Re2 Rh6 23. g3 Qxg3 24. Rg2 Qh3 25. Nxd5 Rxf3 26. Rc3 Qxg2+ 27. Kxg2 Rf2+ 28. Kg1 Rd2+ 0-1

[Event "Biel MTO op"]
[Site "Biel"]
[Date "2005.07.20"]
[Round "3"]
[White "Dvoirys, Semen I"]
[Black "Nemet, Ivan"]
[Result "0-1"]
[WhiteElo "2589"]
[BlackElo "2353"]
[PlyCount "84"]
[EventDate "2005.07.18"]
[EventType "swiss"]
[EventRounds "11"]
[EventCountry "SUI"]
[SourceTitle "CBM 107 Extra"]
[Source "ChessBase"]
[SourceDate "2005.09.01"]
[SourceVersion "1"]
[SourceVersionDate "2005.09.01"]
[SourceQuality "1"]

1. c4 Nf6 2. Nf3 Nc6 3. d4 e6 4. Nc3 Bb4 5. e3 d6 6. Be2 0-0 7. 0-0 Bxc3 8. bxc3 Ne4 9. Qc2 f5 10. Bd3 Ng5 11. Nd2 e5 12. f4 e4 13. Be2 Nf7 14. Ba3 Ne7 15. c5 Nd5 16. Nc4 b5 17. cxb6 axb6 18. Bc1 Ba6 19. Bd2 Nf6 20. Rfe1 Qd7 21. a4 Qc6 22. Nb2 Bxe2 23. Rxe2 d5 24. c4 dxc4 25. Qxc4 Qxc4 26. Nxc4 Nd5 27. Ree1 Ra6 28. a5 Rfa8 29. Rab1 bxa5 30. Nxa5 Nd6 31. Nb3 Ra2 32. Rec1 Rb8 33. Kf1 Kf7 34. Ke2 Nb5 35. Ke1 Na3 36. Ra1 Nc2+ 37. Rxc2 Rxc2 38. Kd1 Rb2 39. Nc1 g5 40. Ra5 c6 41. fxg5 f4 42. exf4 e3 0-1

[Event "SUI-chT"]
[Site "Switzerland"]
[Date "2005.04.17"]
[Round "3.3"]
[White "Atlas, Valeri"]
[Black "Nemet, Ivan"]
[Result "1-0"]
[WhiteElo "2451"]
[BlackElo "2362"]
[PlyCount "59"]
[EventDate "2005.02.27"]
[EventType "team-tourn"]
[EventRounds "9"]
[EventCountry "SUI"]
[SourceTitle "EXT 2006"]
[Source "ChessBase"]
[SourceDate "2005.11.24"]
[SourceVersion "1"]
[SourceVersionDate "2005.11.24"]
[SourceQuality "1"]
[WhiteTeam "Luzern"]
[BlackTeam "Riehen"]
[WhiteTeamCountry "SUI"]
[BlackTeamCountry "SUI"]

1. e4 e5 2. Nf3 Nf6 3. Nxe5 d6 4. Nf3 Nxe4 5. Nc3 Nxc3 6. dxc3 Be7 7. Bf4 0-0 8. Qd2 Nd7 9. 0-0-0 Nc5 10. h4 Be6 11. Ng5 Qd7 12. Be3 b6 13. a3 a5 14. f3 a4 15. g4 Ba2 16. Re1 f6 17. Nh3 Bf7 18. Nf4 Rfe8 19. Rg1 Bf8 20. g5 fxg5 21. hxg5 c6 22. Bh3 Qc7 23. Rh1 d5 24. Bf5 g6 25. Qh2 Be6 26. Bxg6 Re7 27. Bxc5 bxc5 28. Rxe6 Rxe6 29. Bxh7+ Kf7 30. g6+ 1-0

[Event "Zuerich op-A 28th"]
[Site "Zuerich"]
[Date "2004.12.??"]
[Round "5"]
[White "Kreienbuehl, Andreas"]
[Black "Nemet, Ivan"]
[Result "0-1"]
[WhiteElo "2218"]
[BlackElo "2341"]
[PlyCount "82"]
[EventDate "2004.12.26"]
[EventType "swiss"]
[EventRounds "9"]
[EventCountry "SUI"]
[SourceTitle "EXT 2006"]
[Source "ChessBase"]
[SourceDate "2005.11.24"]
[SourceVersion "1"]
[SourceVersionDate "2005.11.24"]
[SourceQuality "1"]

1. d4 d5 2. c4 Bf5 3. Nc3 e6 4. Qb3 Nc6 5. cxd5 exd5 6. Nf3 Bb4 7. Bd2 Nge7 8. a3 Ba5 9. e3 0-0 10. Nh4 Be6 11. Bd3 a6 12. Qc2 Bxc3 13. Bxc3 Kh8 14. h3 Nc8 15. Nf3 Nd6 16. 0-0 f6 17. b3 Qd7 18. Nd2 Bf5 19. f3 Rae8 20. e4 dxe4 21. fxe4 Bg6 22. a4 a5 23. Rac1 Rf7 24. Rfe1 Nb4 25. Bxb4 axb4 26. Qc5 Rfe7 27. Qxb4 h6 28. Kh1 c6 29. Qc5 Nf5 30. d5 Qd8 31. Qf2 Nd6 32. dxc6 bxc6 33. Rxc6 Nf7 34. Bb5 Rf8 35. Rc3 Ne5 36. Nf3 f5 37. Nxe5 Rxe5 38. exf5 Rexf5 39. Qe3 Qd6 40. Rd3 Rf1+ 41. Rxf1 Rxf1+ 0-1

[Event "Zuerich op-A 28th"]
[Site "Zuerich"]
[Date "2004.12.??"]
[Round "6"]
[White "Nemet, Ivan"]
[Black "Medvegy, Zoltan"]
[Result "0-1"]
[WhiteElo "2341"]
[BlackElo "2467"]
[PlyCount "86"]
[EventDate "2004.12.26"]
[EventType "swiss"]
[EventRounds "9"]
[EventCountry "SUI"]
[SourceTitle "EXT 2006"]
[Source "ChessBase"]
[SourceDate "2005.11.24"]
[SourceVersion "1"]
[SourceVersionDate "2005.11.24"]
[SourceQuality "1"]

1. d4 Nf6 2. Nf3 c5 3. d5 b5 4. Bg5 Ne4 5. Nc3 Nxg5 6. Nxg5 b4 7. Nce4 h6 8. Nf3 d6 9. a3 Qb6 10. e3 Bb7 11. axb4 Qxb4+ 12. Nc3 a6 13. Ra3 Qb6 14. Nd2 g6 15. Nc4 Qc7 16. g3 Bg7 17. Bh3 0-0 18. 0-0 Ra7 19. Qd3 Nd7 20. Rfa1 Nb6 21. Nxb6 Qxb6 22. Rb3 Qd8 23. Ne4 Qa8 24. c4 Bc8 25. Bxc8 Rxc8 26. Ra4 Rcc7 27. Rb6 Rcb7 28. Rxb7 Rxb7 29. b3 Rb6 30. Nd2 Qc8 31. Kg2 Qg4 32. f3 Qg5 33. Ra2 Qe5 34. Rc2 Qa1 35. Qf1 Qe5 36. Qd3 Qa1 37. Qf1 Qa3 38. Kf2 a5 39. Qh3 a4 40. bxa4 Qxa4 41. Qc8+ Kh7 42. Rc1 Rb2 43. Ke2 Qb4 0-1

[Event "Zuerich op-A 28th"]
[Site "Zuerich"]
[Date "2004.12.??"]
[Round "4"]
[White "Nemet, Ivan"]
[Black "Niehaus, Frank"]
[Result "1-0"]
[WhiteElo "2341"]
[BlackElo "2185"]
[PlyCount "105"]
[EventDate "2004.12.26"]
[EventType "swiss"]
[EventRounds "9"]
[EventCountry "SUI"]
[SourceTitle "EXT 2006"]
[Source "ChessBase"]
[SourceDate "2005.11.24"]
[SourceVersion "1"]
[SourceVersionDate "2005.11.24"]
[SourceQuality "1"]

1. d4 Nf6 2. Nf3 g6 3. c4 Bg7 4. Nc3 d6 5. e4 0-0 6. Be2 e5 7. 0-0 Nbd7 8. Re1 c6 9. Bf1 exd4 10. Nxd4 Re8 11. Bf4 Ne5 12. f3 Nh5 13. Be3 Qf6 14. Qd2 h6 15. Rad1 g5 16. b3 Nf4 17. Kh1 Neg6 18. Nce2 a6 19. Ng3 Bf8 20. Ndf5 d5 21. Bd4 Ne5 22. cxd5 cxd5 23. Ne3 g4 24. fxg4 Qh4 25. Qf2 Bd6 26. Nef5 Bxf5 27. Nxf5 Qxf2 28. Bxf2 Nxg4 29. Bg1 Bb4 30. h3 Bxe1 31. hxg4 Rxe4 32. g3 Ne6 33. Nxh6+ Kg7 34. Nf5+ Kf6 35. Rxd5 Rh8+ 36. Kg2 Rxg4 37. Be3 Rhg8 38. Kf3 Bxg3 39. Bh3 Ng5+ 40. Kxg4 Nxh3+ 41. Kxh3 Be5 42. Nh6 Re8 43. Ng4+ Kf5 44. Rxe5+ Rxe5 45. Nxe5 Kxe5 46. a4 Ke4 47. Bb6 Kd3 48. a5 Kc3 49. Kg4 Kxb3 50. Kf5 Kc4 51. Kf6 Kd5 52. Kxf7 Kd6 53. Ke8 1-0

[Event "Biel MTO op"]
[Site "Biel"]
[Date "2004.07.25"]
[Round "6"]
[White "Tischbierek, Raj"]
[Black "Nemet, Ivan"]
[Result "1/2-1/2"]
[WhiteElo "2468"]
[BlackElo "2360"]
[PlyCount "88"]
[EventDate "2004.07.19"]
[EventType "swiss"]
[EventRounds "11"]
[EventCountry "SUI"]
[SourceTitle "EXT 2005"]
[Source "ChessBase"]
[SourceDate "2004.11.15"]
[SourceVersion "1"]
[SourceVersionDate "2004.11.15"]
[SourceQuality "1"]

1. e4 c5 2. Nc3 Nc6 3. Nge2 e6 4. d4 cxd4 5. Nxd4 a6 6. Be2 Qc7 7. 0-0 Nf6 8. a4 Nxd4 9. Qxd4 Bd6 10. Kh1 0-0 11. f4 e5 12. Qc4 b6 13. Qxc7 Bxc7 14. Nd5 Nxd5 15. exd5 Bb7 16. c4 Rfe8 17. f5 Bd6 18. Be3 Bc5 19. Bxc5 bxc5 20. a5 Rab8 21. b4 cxb4 22. Rfb1 Ba8 23. Rb3 Kf8 24. Rab1 Rec8 25. Kg1 Ke7 26. Rxb4 Rxb4 27. Rxb4 Kd6 28. Rb6+ Kc5 29. Rxa6 Rb8 30. Kf2 Kd4 31. Ra7 Bb7 32. a6 Bc8 33. Rc7 Bxa6 34. d6 Rd8 35. Kf3 f6 36. g4 g6 37. g5 fxg5 38. fxg6 hxg6 39. Kg4 Rh8 40. Kxg5 Rxh2 41. Bg4 Rg2 42. Kh4 Bxc4 43. Bxd7 g5+ 44. Kh5 Be2+ 1/2-1/2

[Event "Biel MTO op"]
[Site "Biel"]
[Date "2004.07.22"]
[Round "4"]
[White "Nemet, Ivan"]
[Black "Speck, Hans"]
[Result "1-0"]
[WhiteElo "2360"]
[BlackElo "2128"]
[PlyCount "65"]
[EventDate "2004.07.19"]
[EventType "swiss"]
[EventRounds "11"]
[EventCountry "SUI"]
[SourceTitle "CBM 101 Extra"]
[Source "ChessBase"]
[SourceDate "2004.09.01"]
[SourceVersion "2"]
[SourceVersionDate "2004.09.01"]
[SourceQuality "1"]

1. d4 f5 2. e4 fxe4 3. Nc3 Nf6 4. Bg5 Nc6 5. d5 Ne5 6. Qe2 Nf7 7. Bxf6 exf6 8. Nxe4 Qe7 9. d6 cxd6 10. 0-0-0 f5 11. Nc3 Qxe2 12. Ngxe2 b6 13. Nd4 g6 14. f4 Bb7 15. Bc4 Bh6 16. Rhe1+ Kf8 17. g3 Ne5 18. Bd5 Bxd5 19. Nxd5 Nc6 20. Nb5 Bg7 21. Nxd6 Nd4 22. Nc7 Rd8 23. c3 Ne6 24. Nb7 Rc8 25. Nxe6+ dxe6 26. Rd7 e5 27. fxe5 Bh6+ 28. Kc2 Ke8 29. e6 Bf8 30. Red1 Rc6 31. Nd8 Rc5 32. Nf7 Rg8 33. Rxa7 1-0